| 000 | 00882nam a22001337a 4500 | ||
|---|---|---|---|
| 040 | _crua | ||
| 082 | _a RUB TIT 2017 B662 Or.1 | ||
| 100 | _aTITH KUNGKEA ទិត គង្គារ | ||
| 245 | _acompara tive growth and yield rubber clones gt1,pr 107, pb 324, and rrim 600 at sopheak nika investment group co, ltd ការប្រៀបធៀបការលូតលាស់ និងទិន្នផលជ័រកៅស៊ូលើ៤ក្លូល GT1,PR 107, PB 324, និងPRIM 600 នៅក្រុមហ៊ុន សុភក្តិ នីកា អ៊ិនវេសមេន គ្រុប ខូ, អិលធីឌី | ||
| 260 |
_arua _bphnom penh |
||
| 300 |
_axiv,64p _bill, _c29cm |
||
| 856 | _uhttps://drive.google.com/file/d/1b5_DgOcSM7U7BZ8mVQjpgnaXclrCXMjj/view?usp=sharing | ||
| 942 | _cRUB | ||
| 999 |
_c19113 _d19113 |
||